Quizzes
Events
Quiz Creation
Community
Videos
Private Events
Remove Ads
Sign In
Join for FREE
Feedback
Dark Mode
Quiz Categories
Sports
Geography
Music
Movies
Television
Just For Fun
Miscellaneous
History
Literature
Language
Science
Gaming
Entertainment
Religion
Holiday
For Kids
Quiz Lab
Recent
Popular Today
Quiz Kudos Today
Editor Picks
Curator Picks
Quizzes by...
Day
Popularity
Type
Ratings
Length
Year
Community
Subscriptions
Recent Discussions
Orange Saloon
Badges
Playlists
Quests
Create
Leaderboards
Showdown
Live 5
Trivia Bingo
Activity
Puzzle Library
Sporcle Events
Private Events
Virtual Trivia
Globe League
Become a Host
Pub Owners
SporcleCon
Opinionation
Our Games
Videos
Blog
Mobile Apps
Partnerships
Remove Ads and Go Orange
Feedback
Movies
Disney
Marvel Cinematic Universe
Movie Resume
Movie Titles
Oscar
Actor
Actress
Director
Pixar
Role
Movie Quotes
Movie Characters
Box Office
Nominee
Best Picture
Star Wars
James Bond
Horror Movies
Movies
Disney
Marvel Cinematic Universe
Movie Resume
Movie Titles
Oscar
Actor
Actress
Director
Pixar
Role
Movie Quotes
Movie Characters
Box Office
Nominee
Best Picture
Star Wars
James Bond
Horror Movies
Random Quiz
Search Sporcle
×
Quiz Lab
Quiz Lab
Movies
Movie Quotes
Type in answers that appear in a list
Type in answers that appear in a list
Classic
Best Score? Go Orange.
50 Movie Quotes (Clips) Stats
Can you name the movies given in these clips?
By
JasonVoorhees
20m
50 Questions
812 Plays
812 Plays
812 Plays
Comments
Comments
Give Quiz Kudos
Give Quiz Kudos
-
- Ratings
hide this ad
Replay
Link that replays current quiz
Next Quiz
Link to next quiz in quiz playlist
You Got
0%
They Got
Avg Score
73%
Avg Friend Score
Upgrade to see
Score Distribution
Jump to the score distribution portion of the page
Score
0/50
Timer
20:00
0
Plays Today
Time
Movie
% Correct
1:07
Forrest Gump
97.8%
0:17
Terminator 2: Judgment Day
96.9%
0:00
The Silence of the Lambs
96.3%
2:12
The Wizard of Oz
96.1%
4:38
The Empire Strikes Back
94.5%
0:11
Casablanca
93.7%
2:02
The Dark Knight
93.6%
3:01
Titanic
92.9%
5:09
The Shining
92.2%
6:00
Toy Story
91.7%
2:36
The Lord of the Rings: The Two Towers
90.6%
1:29
Frankenstein
90.3%
6:03
Apollo 13
90.1%
3:44
The Sixth Sense
89.9%
0:55
Gone with the Wind
89.7%
0:21
Taxi Driver
89.2%
1:03
Jaws
89%
3:19
Scarface
88.9%
5:47
Finding Nemo
88.7%
5:34
Back to the Future
88.4%
1:55
Airplane!
87.9%
2:30
The Graduate
83%
3:48
The Godfather
83%
5:57
Goldfinger
82.1%
5:12
Pulp Fiction
81.9%
Time
Movie
% Correct
4:53
The Princess Bride
80.8%
3:42
When Harry Met Sally...
80.2%
0:42
Borat: Cultural Learnings of America for Make Benefit Glorious Nation of Kazakhstan
79.9%
2:51
Who Framed Roger Rabbit
78.8%
3:36
Dirty Harry
78.2%
5:02
A Few Good Men
77.1%
6:08
Ferris Bueller's Day Off
73%
5:22
It's a Wonderful Life
71.1%
2:17
Citizen Kane
70.3%
4:01
The Adventures of Sherlock Holmes
70.2%
1:16
A Streetcar Named Desire
65.8%
4:30
Jerry Maguire
65.1%
1:47
Reservoir Dogs
58.7%
5:27
The Usual Suspects
58.7%
3:54
This Is Spinal Tap
58.5%
4:04
Cool Hand Luke
50.6%
4:19
There Will Be Blood
50.1%
2:21
Love Story
48.6%
2:43
Some Like It Hot
47.9%
3:11
The Help
44.5%
5:42
All About Eve
32.4%
3:26
They Live
27.5%
4:10
The Jazz Singer
24.8%
0:31
Donnie Darko
22.2%
1:36
Corpse Bride
20.2%
Quiz Playlist
Details
Report
Send in Message
Add To Playlist
Classic:
Type in answers that appear in a list
Last Updated: Feb 16, 2017
Quiz Scoreboard
CHALLENGE
Sign Up to Join the Scoreboard
Show All
Scores
Hide
Comments
May contain spoilers
Recently Published
An Introduction to Baseball
by treessimontrees
Sports
5m
Movies - When Are They Set?
by FPL_Elf
Movies
5m
Popular People in 1961
by mucciniale
History
6m
More to Explore
Quiz From the Vault
Featured Blog Post
Where Did the Easter Bunny Come From?
hide this ad
You Might Also Like...
Tags
Clip Quiz
Movie Quotes Quiz
Movie Titles Quiz
Quote Quiz
Today's Top Quizzes in Movies
Browse Movies
hide this ad
Today's Top Quizzes in Movie Quotes
Browse Movie Quotes
Top Contributed Quizzes in Movies
1
Pick 5 Posters: Directed by Spielberg
2
Pick 5 Posters: Lowest-Rated Spielberg
3
Multi-Oscar Nominations, One Movie, One Winner
4
7-to-1: Pixar Characters
5
12 Movies about Fictional 1960s Events
6
One Thing in Common: Movies
7
Pick 5 Posters: Directed by Scorsese
8
Sunday Crossword: Film Score Composers
9
Pick 5 Posters: Star & Director
10
Sorting Actors
Explore More
Trending Topics
Disney
Anime
NBA
Marvel
Harry Potter
Crossword
Kpop
Soccer
NFL
Puzzle
Country
Pokémon
Song
The Office
WWE
hide this ad
More By:
JasonVoorhees
Quiz
Plays
Rating
Category
Featured
Created
True or False: Billboard #1 Albums
15,279
4.60
Music
Oct 30, 2016
'Times Like These' Lyrics
7,165
4.86
Music
Oct 26, 2016
Missing Word: Weezer (A-Z)
4,627
4.50
Just For Fun
Aug 16, 2016
U.S. States by Capital (Map Click)
3,017
4.43
Geography
Dec 24, 2016
Odd One Out: Rock Band Members
2,536
4.72
Music
Nov 7, 2016
Go to Creator's Profile
Score Distribution
Quiz Creator Spotlight
JasonVoorhees
Follow
Send a Message
Quizzes Created
-
Created Quiz Play Count
-
More By This Creator
Popular Quizzes Today
1
Find the Countries of Europe - No Outlines Minefield
2
Find the US States - No Outlines Minefield
3
The Countries of the World
4
Popular People in 1961
5
US States
6
Find the US States
7
1-10 Letter E Words III
8
Risky Map Clicking: Biggest States A-Z
More Movies Quizzes
The Great Oscar Quiz of the 21st Century
Quiz Lab
Trending Quizzes
Risky Map Clicking: Least Populous States A-Z
1-10 Letter F Words
1-10 Letter G Words
One Thing in Common: United Kingdom
Not Quite an Element Typing Challenge
Recently Updated
Leaping Animals
pecheneg
Reality TV Shows (A-Z)
bhenderson79
Rickey Henderson's Hall of Fame Teammates
pecheneg
Champions League XIs: Arsenal
pecheneg
Quick Pick: Celebrities in WWE's Hall of Fame
aduchscher
A-Z Keypad Blitz II
pecheneg
Multiple Oscar Actors
pecheneg
Mystery Phrase Blitz: Oscar 'Best Actors'
pecheneg
F. Scott Fitzgerald Novels
LTH
Pick 3 Villains
ddd62291
Trending Topics
Kpop
Disney
Anime
Marvel
Harry Potter
NBA
Crossword
Puzzle
Song
Pokémon
WWE
Soccer
The Office
NFL
Country
Your Account Isn't Verified!
In order to create a playlist on Sporcle, you need to verify the email address you used during registration. Go to your
Sporcle Settings
to finish the process.
Report this User
Report this user for behavior that violates our
Community Guidelines
.
Details:
Send Report
Go to the Sporcle.com Mobile Site →
Comments